Scrabble! J E T P U N K - Statistics

General Stats
  • This quiz has been taken 641 times
  • The average score is 20 of 42
Answer Stats
LETTERS WORD % Correct
3 jet
98%
3 pun
98%
2 pe
94%
4 punk
91%
3 jun
87%
2 nu
80%
3 pet
78%
2 ne
77%
3 tun
77%
4 junk
75%
3 put
70%
3 ten
70%
3 pen
68%
3 net
61%
3 nut
56%
2 un
56%
3 jut
53%
3 ken
53%
4 punt
49%
2 et
47%
4 tune
44%
2 up
44%
2 en
41%
4 puke
41%
4 pent
39%
3 tup
36%
3 kep
35%
2 ut
35%
4 nuke
30%
4 juke
29%
4 jute
29%
4 kept
25%
4 kent
24%
6 junket
19%
4 jupe
18%
3 ute
13%
3 uke
11%
3 jeu
10%
4 kune
9%
6 unkept
9%
3 kue
8%
4 neuk
1%
No matching quizzes found
Score Distribution
Percent of People with Each Score
Percentile by Number Answered
Your Score History
You have not taken this quiz